000 00348nam a2200145Ia 4500
008 230312s9999||||xx |||||||||||||| ||und||
020 _a1-4027-5265-0
082 _a746.4604
_bJOH-H
100 _aJohnson;Marquetta,Bell
245 0 _aHand-Dyed Quilts
260 _bProlific
_aChina
_c2008
300 _a144
650 _aArchitecture
942 _cBK
999 _c12102
_d12102